000 00422nam a22001337a 4500
005 20141126134050.0
008 141126b xxu||||| |||| 00| 0 eng d
050 _aBT872.
_bC951 2006
100 _aStewart, Robert B.
_912876
245 _aThe resurrection of Jesus
_bJohn Dominic Crossan and N.T.
_cedited by Stewart, Robert B.
260 _aLondon
_bSPCK
_c2006
300 _axix,220p.;
_c23cm.
942 _2lcc
_cMONOGRAPH
999 _c121324
_d121324